| 000 | 00704cab a2200241 4500 | ||
|---|---|---|---|
| 001 | ABS57398 | ||
| 008 | 090401t1997 xxu||||| |||| 00| 0 eng d | ||
| 035 | _a(Sirsi) u79648 | ||
| 041 | _aeng | ||
| 100 | _aAnderson, R. | ||
| 245 | _aBeware the VAT traps | ||
| 260 | _c1997 | ||
| 350 | _a0 | ||
| 490 |
_aBuilding _v257(7997) 4 July 1997, 32(1) |
||
| 520 | _aExplains the new VAT rules for commercial property that were proposed in the June 1997 budget, highlighting pitfalls for the unwary. | ||
| 650 | _aPROPERTY-COMMERCIAL PROPERTY | ||
| 650 | _aOPTION TO TAX | ||
| 650 | _aPROPERTY TRANSACTIONS | ||
| 650 | _aVALUE ADDED TAX | ||
| 690 | _aTAXATION | ||
| 942 | _n0 | ||
| 948 | _c16/07/1997 | ||
| 999 |
_c50092 _d50092 |
||